| 000 | 02451nam0a2200409 4500 | ||
|---|---|---|---|
| 001 | RU\NLR\BIBL_A\022674244 | ||
| 005 | 20251216102535.0 | ||
| 010 |
_a978-5-9704-9471-4 _9500 |
||
| 021 |
_aRU _bКН-П-25-062894 _9КН-П-25-6088 |
||
| 035 | _a(NLR Aleph) 022674244 | ||
| 090 |
_a13505168 _c13505168 |
||
| 100 | _a20251127d2026 k y0rusy50 ca | ||
| 101 | 0 | _arus | |
| 102 | _aRU | ||
| 105 | _aa j 001yy | ||
| 181 | 0 |
_ai _baxxe |
|
| 182 | 0 | _an | |
| 200 | 1 |
_aИнфекции в период беременности _eруководство для врачей _eдля обучающихся по основным профессиональным образовательным программам высшего образования — подготовки кадров высшей квалификации по программам ординатуры, аспирантов, студентов медицинских вузов _fН. Е. Кан, В. Л. Тютюнник, О. И. Михайлова |
|
| 203 |
_aТекст _bвизуальный _cнепосредственный |
||
| 210 |
_aМосква _cГЭОТАР-Медиа _d2026 (печ. 2025) |
||
| 215 |
_a362 с. _cил., табл. _d22 |
||
| 225 | 1 |
_aБиблиотека врача-специалиста _eБВС _iАкушерство |
|
| 300 | _aНа 4-й с. авт.: Н. Е. Кан – д-р мед. наук, проф., заслуж. деят. науки РФ, , В. Л. Тютюнник – д-р мед. наук, проф., заслуж. врач РФ, О. И. Михайлова – канд. мед. наук | ||
| 301 | _aDOI 10.33029/9704-9471-4-IDP-2026-1-368 | ||
| 320 | _aБиблиогр. в конце гл. | ||
| 320 | _aПредм. указ.: с. 358–362 | ||
| 606 | 1 |
_aМочеполовые органы беременных _jРуководства, пособия и т.п _xИнфекции _92361618 _3RU\NLR\AUTH\661410204 |
|
| 686 | 1 | _aР716.216.51я77 | |
| 686 | 1 | _aР716.216.69я77 | |
| 686 | 1 | _aР716.215я77 | |
| 700 | 1 |
_aКан _bН. Е. _gНаталья Енкыновна |
|
| 701 | 1 |
_aТютюнник _bВ. Л. _gВиктор Леонидович |
|
| 701 | 1 |
_7ca _8rus _aМихайлова _bО. И. _cканд. мед. наук, акушерство _gОльга Игоревна _9255829 _3RU\NLR\AUTH\770255885 |
|
| 942 | _cBOOK | ||
| 980 | _aNB | ||